Statistics for Naples scorers in Serie A 2017-2018

Click here to take the quiz!

General Stats

  • This quiz has been taken 57 times
  • The average score is 8 of 12

Answer Stats

PlayerGoals% Correct
Dries Mertens17
98%
Lorenzo Insigne7
94%
Marek Hamsik6
90%
José Callejon8
80%
Kalidou Koulibaly4
78%
Allan4
70%
Arkadiusz Milik1
68%
Piotr Zielinski4
66%
Jorginho2
60%
Faouzi Ghoulam2
56%
Mario Rui2
50%
Marko Rog1
34%

Score Distribution

Percentile by Number Answered

Percent of People with Each Score

Your Score History

You have not taken this quiz